000 00445cam a2200181ua 4500
020 _c1.25
041 _amal
_h
082 _a894.812301
_bGEO/KA
100 _aGeorge, Nellai .
245 _aKadalalakal /
_cNellai George.
_hTextual Documents
250 _a1 /
_b.
260 _aQuilon :
_bSree Rama Vilasam Press & Book Depot ,
_c1962.
300 _a127 ; .
365 _a1.25
504 _a
942 _cBK
999 _c12592
_d12592